LEADER 01061nam a2200241 i 4500 001 000000146095 003 CaOOAMICUS 005 20200108121013.0 008 080221s1962 xxk u000 u lat u 013 $a122776 040 $aSeMil$bita 100 1 $aGuillelmus : de Occam .$0(OLS)http://semarc/name/89160 245 10$aDialogus de Imperio et Pontificia Potestate /$cGuillelmus de Occam. 250 $aReimpression en fac-simile. 260 $aLondon :$bThe Gregg Press,$c1962. 300 $aCCLXXVI c. ;$c27 cm. 500 $aRipr. dell'ed.: Lyon, 1494. 773 0 $aGuillelmus : de Occam $tOpera Plurima.$bRéimpression en fac-simile, avec un tableau des abréviations.$dLondon : The Gregg Press, 1962.$g1$w()15021 850 $aSeMil 852 $aSeMil$W1$xVenegono$y1$m2R VI 4$j98796$B98796$CSeMilBibl$Z2$F107015 $81 996 $6245$aDialogus de Imperio et Pontificia Potestate$9(OLS)http://semarc/title/213615 996 $6260$aLondon :$bThe Gregg Press$9(OLS)http://semarc/publisher/34061 LEADER 00957nam a2200229 i 4500 001 000000362293 003 CaOOAMICUS 005 20250325143239.0 008 250325s1939 it u000 u ita u 040 $aSeMil$bita 100 1 $aGuarino, Emilio.$0(OLS)http://semarc/name/13207 245 10$aGesù fu crocifisso nell'anno giuliano 787 di Roma (=34 E. V.) /. 264 20$aMilano :$bÀncora,$c1939. 300 $a29 p. ;$c25 cm 490 1 $aLa vita e la parola del Redentore 830 3$aLa vita e la parola del Redentore.$0(OLS)http://semarc/title/453180 850 $aSeMil 852 $aSeMil$W1$xVenegono$y1$m5A VIII 5/12$j255446$B253212$CSeMilBibl$Z2$F253212 $86 961 $aCon dedica al Card. Alfredo Ildefonso Schuster 996 $6245$aGesù fu crocifisso nell'anno giuliano 787 di Roma (=34 E. V.)$9(OLS)http://semarc/title/321081 996 $6264$aMilano :$bÀncora$9(OLS)http://semarc/publisher/29763